000
00326nam a2200121Ia 4500
008
220204s9999 xx 000 0 und d
082
_a
NR:338.45(595)
_b
DRA
100
_a
Drabble, John H
245
0
_a
Malayan rubber: The interwar years
260
_a
London
_b
Macmillan
_c
1991
650
_a
Malayan rubber industry
942
_c
BK
999
_c
40435
_d
40435